00414nam a2200145 i 450000100060000000300090000600500170001500700030003200800410003510000290007624500520010526000410015730000390019885200310023730407ES-MaACL20230906154205.0t|030124s1942 sp ||||1| spa d1 aBautista Moreno, Rafael.10aDe la vida la mejor / cRafael Bautista Moreno. aMadrid : bAfrodisio Aguado, c1942. a177 p. : b1 retr. aut. ; c20 cm. aES-MaACLjD-5994 bR.31793